Statistics for France Decoder

Click here to take the quiz!

General Stats

  • This quiz has been taken 265 times
    (250 since last reset)
  • The average score is 12 of 18

Answer Stats

HintAnswer% Correct
PCapital cityParis
100%
DPainted Mona LisaDa Vinci
97%
NRegion stormed by the allies on D-DayNormandy
94%
CFilm festival is held hereCannes
93%
ECooked snailsEscargot
85%
CIsland in the Mediterranean SeaCorsica
84%
CScientist that has won two Nobel prizesCurie
80%
ETower on the Champ de MarsEiffel tower
75%
AFormer colony that gained independence in 1962Algeria
70%
LLongest riverLoire
70%
DWrote "The Three Musketeers"Dumas
69%
OCity liberated by Joan of ArcOrléans
65%
ETrain that travels between France and UKEurostar
60%
Tourist attraction:Place de la Concorde
55%
ACommon medicine discovered by Charles Frédéric GerhardtAspirin
43%
RMost populated oversea territoryRéunion
42%
LConsidered to be the "father of modern chemistry"Lavoisier
33%
OAdministrative region created 2016Occitanie
24%

Score Distribution

Percentile by Number Answered

Percent of People with Each Score

Your Score History

You have not taken this quiz since the last reset